000 00595nam a22002057a 4500
005 20260515115112.0
008 250904b |||||||| |||| 00| 0 eng d
020 _a9789358496697
040 _aIN-DiNC
_cIN-DiNC
041 _deng
082 _a306.8
_bBHU
100 _aBhuyan, Dilip Kumar
_eauthor
245 _aSociology of kinship (Major9)/
_cby Dilip Kumar Bhuyan and Moushumi Bordoloi
250 _a1st ed.
260 _aDibrugarh:
_bBanalata,
_c2025.
300 _a239p.
650 _aFamily, marriage and kinship (Major9)
700 _aBordoloi, Moushumi
_eauthor
942 _2ddc
_cBK
999 _c12203
_d12203